000
00266nam a2200109Ia 4500
008
190216s9999||||xx |||||||||||||| ||und||
100
_a
Pradeep Kumar
245
0
_a
Management Accounting And Cost Control
260
_b
S Chand & Co
_c
1978
300
_a
306p
942
_c
BK
999
_c
4720
_d
4720